| 000 -LEADER |
| fixed length control field |
03287cam a22005058i 4500 |
| 001 - CONTROL NUMBER |
| control field |
9781003376194 |
| 003 - CONTROL NUMBER IDENTIFIER |
| control field |
FlBoTFG |
| 005 - DATE AND TIME OF LATEST TRANSACTION |
| control field |
20250103113432.0 |
| 006 - FIXED-LENGTH DATA ELEMENTS--ADDITIONAL MATERIAL CHARACTERISTICS |
| fixed length control field |
m o d |
| 007 - PHYSICAL DESCRIPTION FIXED FIELD--GENERAL INFORMATION |
| fixed length control field |
cr ||||||||||| |
| 008 - FIXED-LENGTH DATA ELEMENTS--GENERAL INFORMATION |
| fixed length control field |
220927s2023 flu ob 000 0 eng |
| 040 ## - CATALOGING SOURCE |
| Original cataloging agency |
OCoLC-P |
| Language of cataloging |
eng |
| Description conventions |
rda |
| Transcribing agency |
OCoLC-P |
| 020 ## - INTERNATIONAL STANDARD BOOK NUMBER |
| International Standard Book Number |
9781003376194 |
| Qualifying information |
(ebk) |
| 020 ## - INTERNATIONAL STANDARD BOOK NUMBER |
| International Standard Book Number |
1003376193 |
| 020 ## - INTERNATIONAL STANDARD BOOK NUMBER |
| International Standard Book Number |
9781000850659 |
| Qualifying information |
(electronic bk. : EPUB) |
| 020 ## - INTERNATIONAL STANDARD BOOK NUMBER |
| International Standard Book Number |
100085065X |
| Qualifying information |
(electronic bk. : EPUB) |
| 020 ## - INTERNATIONAL STANDARD BOOK NUMBER |
| International Standard Book Number |
9781000850642 |
| Qualifying information |
(electronic bk. : PDF) |
| 020 ## - INTERNATIONAL STANDARD BOOK NUMBER |
| International Standard Book Number |
1000850641 |
| Qualifying information |
(electronic bk. : PDF) |
| 020 ## - INTERNATIONAL STANDARD BOOK NUMBER |
| Canceled/invalid ISBN |
9781032452425 |
| Qualifying information |
(hbk) |
| 020 ## - INTERNATIONAL STANDARD BOOK NUMBER |
| Canceled/invalid ISBN |
9781032452722 |
| Qualifying information |
(pbk) |
| 024 ## - OTHER STANDARD IDENTIFIER |
| Standard number or code |
10.1201/9781003376194 |
| Source of number or code |
doi |
| 035 ## - SYSTEM CONTROL NUMBER |
| System control number |
(OCoLC)1352247545 |
| 035 ## - SYSTEM CONTROL NUMBER |
| System control number |
(OCoLC-P)1352247545 |
| 050 ## - LIBRARY OF CONGRESS CALL NUMBER |
| Classification number |
TC1650 |
| 072 ## - SUBJECT CATEGORY CODE |
| Subject category code |
TEC |
| Subject category code subdivision |
021030 |
| Source |
bisacsh |
| 072 ## - SUBJECT CATEGORY CODE |
| Subject category code |
TEC |
| Subject category code subdivision |
060000 |
| Source |
bisacsh |
| 072 ## - SUBJECT CATEGORY CODE |
| Subject category code |
TEC |
| Subject category code subdivision |
055000 |
| Source |
bisacsh |
| 072 ## - SUBJECT CATEGORY CODE |
| Subject category code |
TGM |
| Source |
bicssc |
| 082 ## - DEWEY DECIMAL CLASSIFICATION NUMBER |
| Classification number |
620/.4162 |
| Edition number |
23/eng/20221128 |
| 245 ## - TITLE STATEMENT |
| Title |
Corrosion and protection of marine engineering materials : |
| Remainder of title |
application of conducting polymers and their composites / |
| Statement of responsibility, etc. |
edited by Yanhua Lei. |
| 250 ## - EDITION STATEMENT |
| Edition statement |
First edition. |
| 260 ## - PUBLICATION, DISTRIBUTION, ETC. |
| Place of publication, distribution, etc. |
Boca Raton : |
| Name of publisher, distributor, etc. |
CRC Press, |
| Date of publication, distribution, etc. |
2023. |
| 300 ## - PHYSICAL DESCRIPTION |
| Extent |
1 online resource |
| 336 ## - CONTENT TYPE |
| Content type term |
text |
| Content type code |
txt |
| Source |
rdacontent |
| 337 ## - MEDIA TYPE |
| Media type term |
computer |
| Media type code |
c |
| Source |
rdamedia |
| 338 ## - CARRIER TYPE |
| Carrier type term |
online resource |
| Carrier type code |
cr |
| Source |
rdacarrier |
| 520 ## - SUMMARY, ETC. |
| Summary, etc. |
"This book provides a basic introduction to the application of conductive polymer in corrosion protection, especially for marine environment corrosion protection research. Conventional anticorrosive coatings which are based on heavy metals such as chromium, zinc and copper are toxic to the environment. There has been a need to find suitable replacement coatings that are environmentally friendly as well as effective in inhibiting corrosion of steel. Conductive polymers have garnered much attention recent years due to their environmentally benign nature and high effectiveness in protecting against corrosion. This book introduces the history of these conductive polymers. The applications of conducting polymers, polymer composites and nanocomposites for corrosion protection of different industrial metal substrates are explored based on reported experimental data and their mechanism of inhibition explained. This book also includes overviews of some recent works on marine antifouling, marine heavy-protective coatings, waterborne paints by conducting polymer and inorganic composites. Conducting polymers and its family of stimuli-actuated polymers exhibit excellent application prospects in the field of anticorrosion, antibacterial, anti-biofouling, and waterborne based coatings. This book will be of great interest to students, scholars, and professionals alike in the field of Corrosion Engineering and Material Science"-- |
| Assigning source |
Provided by publisher. |
| 588 ## - SOURCE OF DESCRIPTION NOTE |
| Source of description note |
OCLC-licensed vendor bibliographic record. |
| 650 ## - SUBJECT ADDED ENTRY--TOPICAL TERM |
| Topical term or geographic name entry element |
Ocean engineering |
| General subdivision |
Materials |
| -- |
Protection. |
| 650 ## - SUBJECT ADDED ENTRY--TOPICAL TERM |
| Topical term or geographic name entry element |
Corrosion and anticorrosives. |
| 650 ## - SUBJECT ADDED ENTRY--TOPICAL TERM |
| Topical term or geographic name entry element |
TECHNOLOGY / Textiles & Polymers |
| Source of heading or term |
bisacsh |
| 700 ## - ADDED ENTRY--PERSONAL NAME |
| Personal name |
Lei, Yanhua, |
| Dates associated with a name |
1982- |
| Relator term |
editor. |
| 856 ## - ELECTRONIC LOCATION AND ACCESS |
| Materials specified |
Taylor & Francis |
| Uniform Resource Identifier |
<a href="https://www.taylorfrancis.com/books/9781003376194">https://www.taylorfrancis.com/books/9781003376194</a> |
| 856 ## - ELECTRONIC LOCATION AND ACCESS |
| Materials specified |
OCLC metadata license agreement |
| Uniform Resource Identifier |
<a href="http://www.oclc.org/content/dam/oclc/forms/terms/vbrl-201703.pdf">http://www.oclc.org/content/dam/oclc/forms/terms/vbrl-201703.pdf</a> |